LEADER 01359nam a22002655i 4500 001 991003332349707536 008 030520s2001 it b 000 0 ita d 020 $a8886594046 :$c1032.91 EUR. 035 $ab12411991-39ule_inst 040 $aDip.to Filologia Ling. e Lett.$bita 082 14$a016$212 245 00$aLIRA 3, Letteratura italiana repertorio automatizzato :$bCD-ROM bibliografico della lingua e della letteratura italiana dal 1985 al 1999 /$csotto la direzione di Benedetto Aschero, Antonia Ida Fontana 260 $aTrieste :$bAlcione,$c2001 300 $a1 CD-ROM ;$c13 x 15 cm. in custodia 500 $aDOS 3.3 o superiore, Windows 3.1, 95, 98 o ME; VGA 640x480, 16 col., 8 Mb RAM, lettore CD-ROM a doppia velocità. 500 $aCondivisibile senza limiti in rete multiutenza allo stesso prezzo. 500 $aAggiorn. fornito gratuitamente. 700 1 $aAschero, Benedetto$eauthor$4http://id.loc.gov/vocabulary/relators/aut$09008 700 1 $aFontana, Antonia Ida 907 $a.b12411991$b02-04-14$c10-11-03 912 $a991003332349707536 945 $aLE008 CASSETTIERA CD 50$g1$i2008000054007$lle008$nColuccia, Montagnani$o-$pE0.00$q-$rn$so $t0$u0$v0$w0$x0$y.i13035447$z01-12-03 996 $aLIRA 3, Letteratura italiana repertorio automatizzato$91459196 997 $aUNISALENTO 998 $ale008$b10-11-03$cm$da $e-$fita$git $h0$i1 LEADER 05443nam 22008295 450 001 996466356903316 005 20240603235607.0 010 $a3-540-40063-X 024 7 $a10.1007/3-540-40063-X 035 $a(CKB)1000000000211350 035 $a(SSID)ssj0000320999 035 $a(PQKBManifestationID)11246881 035 $a(PQKBTitleCode)TC0000320999 035 $a(PQKBWorkID)10262408 035 $a(PQKB)10883282 035 $a(DE-He213)978-3-540-40063-9 035 $a(MiAaPQ)EBC3072747 035 $a(PPN)155164112 035 $a(EXLCZ)991000000000211350 100 $a20121227d2000 u| 0 101 0 $aeng 135 $aurnn#008mamaa 181 $ctxt 182 $cc 183 $acr 200 10$aAdvances in Multimodal Interfaces - ICMI 2000 $eThird International Conference Beijing, China, October 14-16, 2000 Proceedings /$fedited by Tieniu Tan, Yuanchun Shi, Wen Gao 205 $a1st ed. 2000. 210 1$aBerlin, Heidelberg :$cSpringer Berlin Heidelberg :$cImprint: Springer,$d2000. 215 $a1 online resource (XVI, 680 p.) 225 1 $aLecture Notes in Computer Science,$x0302-9743 ;$v1948 300 $aIncludes index. 311 $a3-540-41180-1 327 $aAffective and Perceptual Computing -- Gesture Recognition -- Face and Facial Expression Detection, Recognition and Synthesis -- Multilingual Interfaces and Natural Language Understanding -- Speech Processing and Speaker Detection -- Object Motion, Tracking and Recognition -- Handwriting Recognition -- Input Devices and Its Usability -- Virtual and Augmented Reality -- Multimodal Interfaces for Wearable and Mobile Computing -- Sign Languages and Multimodal Navigation for the Disabled -- Multimodal Integration and Application Systems. 330 $aMultimodal Interfaces represents an emerging interdisciplinary research direction and has become one of the frontiers in Computer Science. Multimodal interfaces aim at efficient, convenient and natural interaction and communication between computers (in their broadest sense) and human users. They will ultimately enable users to interact with computers using their everyday skills. These proceedings include the papers accepted for presentation at the Third International Conference on Multimodal Interfaces (ICMI 2000) held in Beijing, China on 1416 October 2000. The papers were selected from 172 contributions submitted worldwide. Each paper was allocated for review to three members of the Program Committee, which consisted of more than 40 leading researchers in the field. Final decisions of 38 oral papers and 48 poster papers were made based on the reviewers? comments and the desire for a balance of topics. The decision to have a single track conference led to a competitive selection process and it is very likely that some good submissions are not included in this volume. The papers collected here cover a wide range of topics such as affective and perceptual computing, interfaces for wearable and mobile computing, gestures and sign languages, face and facial expression analysis, multilingual interfaces, virtual and augmented reality, speech and handwriting, multimodal integration and application systems. They represent some of the latest progress in multimodal interfaces research. 410 0$aLecture Notes in Computer Science,$x0302-9743 ;$v1948 606 $aOptical data processing 606 $aComputer communication systems 606 $aSignal processing 606 $aImage processing 606 $aSpeech processing systems 606 $aUser interfaces (Computer systems) 606 $aPattern recognition 606 $aComputer graphics 606 $aImage Processing and Computer Vision$3https://scigraph.springernature.com/ontologies/product-market-codes/I22021 606 $aComputer Communication Networks$3https://scigraph.springernature.com/ontologies/product-market-codes/I13022 606 $aSignal, Image and Speech Processing$3https://scigraph.springernature.com/ontologies/product-market-codes/T24051 606 $aUser Interfaces and Human Computer Interaction$3https://scigraph.springernature.com/ontologies/product-market-codes/I18067 606 $aPattern Recognition$3https://scigraph.springernature.com/ontologies/product-market-codes/I2203X 606 $aComputer Graphics$3https://scigraph.springernature.com/ontologies/product-market-codes/I22013 615 0$aOptical data processing. 615 0$aComputer communication systems. 615 0$aSignal processing. 615 0$aImage processing. 615 0$aSpeech processing systems. 615 0$aUser interfaces (Computer systems). 615 0$aPattern recognition. 615 0$aComputer graphics. 615 14$aImage Processing and Computer Vision. 615 24$aComputer Communication Networks. 615 24$aSignal, Image and Speech Processing. 615 24$aUser Interfaces and Human Computer Interaction. 615 24$aPattern Recognition. 615 24$aComputer Graphics. 676 $a004/.01/9 702 $aTan$b Tieniu$4edt$4http://id.loc.gov/vocabulary/relators/edt 702 $aShi$b Yuanchun$4edt$4http://id.loc.gov/vocabulary/relators/edt 702 $aGao$b Wen$4edt$4http://id.loc.gov/vocabulary/relators/edt 712 12$aICMI (Conference) 906 $aBOOK 912 $a996466356903316 996 $aAdvances in Multimodal Interfaces - ICMI 2000$92179784 997 $aUNISA LEADER 00786nam a2200217 i 4500 001 991004358437707536 005 20250404124648.0 008 241216s1914 it ac er 001 0 ita d 040 $aBibl. Dip.le Aggr. Scienze Giuridiche - Sez. Studi Giuridici$bita$cSocioculturale Scs 041 0 $aita 082 04$a945.70743$223 100 1 $aCroce, Benedetto <1866-1952>$09641 245 10$aAneddoti e profili settecenteschi /$cBenedetto Croce 260 $aMilano [etc.] :$bR. Sandron,$c1914 300 $aVIII, 363, 14 p., [14] carte di tav. :$bill. ;$c21 cm 490 1 $aCollezione settecentesca ;$v4 651 4$aNapoli$xAneddoti$ySec.18. 830 0$aCollezione settecentesca ;$v4 912 $a991004358437707536 996 $aAneddoti e profili settecenteschi$9546636 997 $aUNISALENTO